00862nam a2200217Ia 4500001002200000003000900022008004100031040002300072041001300095100001900108240009600127245009500223250001100318260003000329300002500359490004700384500003100431501012400462700002500586700003300611232-MEI jo eb (16253)IT-MiSPE171229s9999||||xx |||||||||||||| ||und|| aIT-MiSPEcIT-MiSPE aITALIANO aJohn P. Meier  aA Marginal Jew: Rethinking the Historical Jesus: I. The Roots of the Problem and the Person 0aUn ebreo marginale: Ripensare il Gesù storicobI. Le radici del problema e della persona a2a ed. aBresciabQuerinianac2002 a466 p. [4 v.]c23 cm a Biblioteca di teologia contemporaneav117 aGesù Cristo; Cristologia aEdizioni San Paolo srl - Piazza Soncino, 5 - 20092 CINISELLO BALSAMO (MI) (non commercial uses only) ® Copyright 2018 aFlavio Dalla Vecchia aLuca De Santisg(traduzione)